| 000 | 00753nam a2200205 i 4500 | ||
|---|---|---|---|
| 001 | 97282 | ||
| 003 | ES-MaACL | ||
| 005 | 20231228062655.0 | ||
| 007 | t| | ||
| 008 | 050708s1914 sp ||||1| spa d | ||
| 100 | 1 |
_aMarañón, Gregorio, _d1887-1960 _976311 |
|
| 245 | 1 | 4 |
_aLas glándulas de secreción interna y las enfermedades de la nutrición : _bteoría y práctica del tratamiento opoterápico de las enfermedades del metabolismo / _cpor Gregorio Marañón y Posadillo. |
| 260 |
_aMadrid : _b[s.n.], _c1914 ( _fCasa Vidal) |
||
| 300 |
_aXXIV, 385 p. ; _c24 cm. |
||
| 650 | 4 |
_aGlándulas endocrinas. _9166047 |
|
| 650 | 4 |
_aOpoterapia. _9165142 |
|
| 650 | 4 |
_aMetabolismo- _xTrastornos. _915011 |
|
| 852 | 4 |
_aES-MaACL _jE-352 |
|
| 999 |
_c97282 _d97282 |
||